Stare World History - Statistics

General Stats
  • This quiz has been taken 9 times
  • The average score is 5 of 16
Answer Stats
Hint Answer % Correct
President of the Stare Republic from 2023 until 2044. Sebastian Sepper
100%
Ancient Rokkan culture. Buwa/Buwamon
50%
Full name of SGA. Spirit Gray Alliance
50%
Previous form of Spirit-Cradion. Tailha
50%
Leader of Belarium during the belarian civil war in 2031. Andrew Blue VI
33%
This country got their independence from the Stare Kingdom in 1598. Lonshwa
33%
Abbreviation of the Promanian state during Kodreanu's reign. NKE
33%
Previous capital city of the Stare Kingdom. Starepolis
33%
This year King Gray III was removed from power. 2027
17%
This year Festiya, Nariga and Polasia united. 2035
17%
Was re-annexed by Surria in 2039. Alkita
17%
Dominant empire in south Kareos during the middle ages. Dranos
17%
Leader of the Oro Cartel in 2057. Klement Inga
17%
Former name of the Najo Islands. New Bonas
17%
Reklevask's first president. Paul Upolem
17%
Alliance founded by communist Varcubary and Buferia (abbreviation). SISO
17%
No matching quizzes found
Score Distribution
Percent of People with Each Score
Percentile by Number Answered
Your Score History
You have not taken this quiz